Responses for Show #1668 - Wednesday, November 27, 1991

Kirk Ditzler game 3.
Contestant introductions missing from archiving tape.

Contestants

[<< previous game]

David Green, a semi-professional actor from San Francisco, California

Mike Kennedy, a former high school teacher from Torrance, California

Kirk Ditzler, a teacher from Houston, Texas (whose 2-day cash winnings total $18,200)

[next game >>]

Jeopardy! Round responses

COLLEGE TEAM NICKNAMES
TALK SHOW HOSTS
SICKNESS & HEALTH
PROVERBS
ODDS & ENDS
PEANUTS
(Alex: A reference to the comic strip.)
    $100 26
Alabama

Kirk
    $100 6
Jay Leno

David
    $100 16
laryngitis

Mike
    $100 18
tea

Kirk
    $100 11
aspirin

Mike
    $100 1
his doghouse

Mike
    $200 27
Penn State

Kirk
    $200 7
(Mike: Who is Oprah Winfrey?)

Sally Jessy Raphael

KirkMike
    $200 17
(Alex: It takes [*].)

about a minute

Triple Stumper
    $200 19
ignorance

Mike
    $200 12
groundhog

David
    $200 2
Linus

Mike
    $300 28
Nebraska

David
    $900 8
Ron Reagan

Kirk
    $300 23
mammography

Mike
    $300 20
(Alex: Because they've had to reclaim so much land from the sea, [*] people have made Holland.)

the Dutch

Triple Stumper
    $300 13
(David: What is Fanta...What is [*]?)
(Alex: Okay, you corrected yourself in time.)

Bambi

David
    $300 3
Schroeder

Kirk
    $400 29
Arkansas

Kirk
    $400 9
Lifetime

Kirk
    $400 24
(David: Who is Jack Lalanne?)

Charles Atlas

KirkDavid
    $400 21
money

David
    $400 14
Madison

David
    $400 4
Chuck

Kirk
    $500 30
Purdue

Kirk
    $500 10
Regis Philbin & Kathie Lee Gifford

Kirk
    $500 25
vitamin C

Kirk
    $500 22
necessity

David
    $500 15
(Alex: The author was [*], and the poem, of course, was "Evangeline".)

Henry Wadsworth Longfellow

Triple Stumper
    $500 5
(Mike: Who is Violet?)
...
(Alex: Who is Charlie Brown's sister, [*]?)

Sally

Mike
Triple Stumper

Scores at the first commercial break (after clue 15):

Kirk Mike David
$2,700 -$300 $1,000

Scores at the end of the Jeopardy! Round:

Kirk Mike David
$4,900 $300 $1,800

Double Jeopardy! Round responses

THE U.N.
MAMMALS
PERFUME & COLOGNE
LANGUAGES
NURSERY RHYMES
MARCO POLO
    $200 1
the Soviet Union

Kirk
    $200 16
(David: What is a sheep?)

a goat

KirkDavid
    $200 26
Claiborne

Mike
    $200 2
French and English

David
    $200 11
kissed the girls

David
    $200 21
Columbus

David
    $400 7
San Francisco

Kirk
    $400 17
a sloth

Kirk
    $400 27
Calvin Klein

Kirk
    $400 3
German

Mike
    $400 12
Little Bo-Peep

Kirk
    $400 22
the Great Wall

Mike
    $600 8
Dag Hammarskjold

Kirk
    $600 18
antelopes

Triple Stumper
    $600 28
California

Triple Stumper
    $600 4
(Mike: What is English?)

Finnish

KirkMike
    $600 13
his countinghouse

Mike
    $600 23
spaghetti (pasta, noodles)

Kirk
    $800 9
Taiwan (Nationalist China)

Mike
    $800 19
a zebra

David
    $800 29
Paloma Picasso

Kirk
    $800 5
Hispaniola

Kirk
    $1,000 14
(Mike: Who is Queen of Hearts?)
(Alex: You have to think of [*]'s lace.)

Queen Anne

Mike
    $800 24
(Kirk: What is Rome?)

Jerusalem

KirkMike
    $1000 10
(Mike: Great Britain. What is Great Britain?)

Japan

Mike
Triple Stumper
    $1000 20
bats

Triple Stumper
    $1000 30
Bob Mackie

David
    $1000 6
(David: What is Bulgaria?)
(Mike: What is Turkey?)

Albania

MikeDavid
Triple Stumper
    $1000 15
his shadow

Kirk
    $1,000 25
(Mike: What is Shangri-La?)
...
(Alex: The Coleridge poem, "In [*] did Kublai Khan a stately pleasure dome decree."

Xanadu

Mike

Scores at the end of the Double Jeopardy! Round:

Kirk Mike David
$10,500 -$1,100 $3,000
(lock game)

[wagering suggestions for these scores]

Final Jeopardy! Round responses

SHAKESPEARE
(Alex: I wonder what occurred first in the minds of our viewers? What was it, A Midsummer Night's Dream, Hamlet, Macbeth, ha-ha! We'll find out now.)
DavidWhat is Midsummer Night's Dream
$3,000
KirkWhat is A Midsummer Night's Dream
$500
Twelfth Night, or What You Will

Final scores:

Kirk Mike David
$10,000 -$1,100 $0
3-day champion: $28,200 3rd place: U-Line combo ice maker-refrigerator + Nintendo Entertainment System 2nd place: Broyhill entertainment center + Ross Simons bracelet

Game dynamics:

Coryat scores:

Kirk Mike David
$9,900 $900 $3,000
25 R
(including 1 DD),
1 W
12 R,
7 W
(including 2 DDs)
12 R,
3 W

Combined Coryat: $13,800

[game clues] [game scores] [suggest correction]

Game tape date: 1991-09-12
The J! Archive is created by fans, for fans. Scraping, republication, monetization, and malicious use prohibited; this site may use cookies and collect identifying information. See terms. The Jeopardy! game show and all elements thereof, including but not limited to copyright and trademark thereto, are the property of Jeopardy Productions, Inc. and are protected under law. This website is not affiliated with, sponsored by, or operated by Jeopardy Productions, Inc. Join the discussion at JBoard.tv.